00728nam a2200229 a 4500001001300000003000900013005001700022008004100039020001000080082002000090100001900110245006200129260005000191300000900241500003500250505001800285650002700303902000800330942000700338952013600345999001700481nice12345678IN_TiNIC20260116014207.0080623s2007 newa grp 000 0 eng  ac69500a915.404025bALA aAlam, Muzaffar aIndo-Persian Travels Inn the Age of Discoveries 1400-1800 aNew Delhi bCambridge University Press c2007 a399p aincludes index and biblioraphy2 abiblio, index aTravelogue-Description bSRS cBK 001040708StackRoom-aHMIbHMId2008-06-23g695.00l3m6o915.404025 ALAp022452r2022-01-19s2016-04-07v695.00w2008-06-23yBK c14267d14267